Chicago Bears All-Time Leading Receivers - Statistics

General Stats
  • This quiz has been taken 68 times
    18 since last reset
  • The average score is 10 of 25
Answer Stats
Standings Years Yards Position Answer % Correct
17. 2023-2025 3,012 WR D.J. Moore
94%
3. 2012-2016 4,549 WR Alshon Jeffery
88%
13. 2012-2014 3,524 WR Brandon Marshall
88%
4. 1975-1987 4,538 RB Walter Payton
88%
7. 2008-2015 4,116 RB Matt Forte
82%
19. 2020-2025 2,939 TE Cole Kmet
76%
5. 1961-1966 4,503 TE Mike Ditka
76%
11. 2018-2021 3,561 WR Allen Robinson
71%
9. 1983-1987 3,650 WR Willie Gault
65%
20. 1983-1989 2,840 WR Dennis McKinnon
47%
1. 1958-1967 5,059 WR Johnny Morris
47%
24. 1986-1993 2,763 RB Neal Anderson
35%
6. 1993-1999 4,498 WR Curtis Conway
29%
23. 2006-2013 2,807 WR Devin Hester
29%
8. 1999-2008 3,895 WR Marty Booker
29%
25. 1981-1988 2,730 TE Emery Moorehead
24%
18. 1988-1993 3,000 WR Wendell Davis
12%
2. 1954-1961 4,616 WR Harlon Hill
6%
14. 1976-1983 3,202 WR James Scott
6%
22. 1952-1959 2,815 WR Bill McColl
0%
21. 1996-2000 2,831 WR Bobby Engram
0%
12. 1965-1971 3,550 WR Dick Gordon
0%
15. 1952-1961 3,172 WR Jim Dooley
0%
16. 1946-1951 3,031 WR Jim Keane
0%
10. 1940-1950 3,626 WR Ken Kavanaugh
0%
No matching quizzes found
Score Distribution
Percent of People with Each Score
Percentile by Number Answered
Your Score History
You have not taken this quiz since the last reset